Đặc điểm tiểu thuyết lịch sử của Nguyễn Quang Thân qua Con ngựa Mãn Châu và Hội thể
Nguyễn Quang Thân trong diện mạo tiểu thuyết lịch sử Việt Nam đầu thế kỷ XXI. Đặc điểm nội dung tư tưởng trong tiểu thuyết lịch sử của Nguyễn Quang Thân qua Con ngựa Mãn Châu và Hội thề. Đặc điểm phương thức thể hiện trong tiểu thuyết lịch sử của Nguyễn Quang Thân qua Con ngựa Mãn Châu và Hội thề...
Wedi'i Gadw mewn:
| Prif Awdur: | |
|---|---|
| Awduron Eraill: | |
| Fformat: | Llyfr |
| Iaith: | Vietnamese |
| Cyhoeddwyd: |
Đà Nẵng
Đại học Đà Nẵng
2014
|
| Pynciau: | |
| Tagiau: |
Ychwanegu Tag
Dim Tagiau, Byddwch y cyntaf i dagio'r cofnod hwn!
|
| Thư viện lưu trữ: | Mạng thư viện Đại học Đà Nẵng |
|---|
| LEADER | 01924nam a2200361 4500 | ||
|---|---|---|---|
| 001 | 000020026 | ||
| 003 | 16467 | ||
| 005 | 20150310110311.0 | ||
| 008 | 141224s2014 viesd | ||
| 041 | |a vie | ||
| 082 | 1 | 4 | |a 895.922334 |b PH-G |
| 100 | 1 | |a Phan Thùy Giang | |
| 245 | 1 | |a Đặc điểm tiểu thuyết lịch sử của Nguyễn Quang Thân qua Con ngựa Mãn Châu và Hội thể |c Phan Thùy Giang ; Nguyễn Thành hướng dẫn. |k Luận văn Thạc sĩ | |
| 260 | |a Đà Nẵng |b Đại học Đà Nẵng |c 2014 | ||
| 300 | |a 120 tr., phụ lục 3 tr. |c 29 cm. |e Tóm tắt | ||
| 500 | |a Luận văn thạc sĩ Khoa học. Chuyên ngành: Văn học Việt Nam. Mã số: 60.22.34 | ||
| 520 | |a Nguyễn Quang Thân trong diện mạo tiểu thuyết lịch sử Việt Nam đầu thế kỷ XXI. Đặc điểm nội dung tư tưởng trong tiểu thuyết lịch sử của Nguyễn Quang Thân qua Con ngựa Mãn Châu và Hội thề. Đặc điểm phương thức thể hiện trong tiểu thuyết lịch sử của Nguyễn Quang Thân qua Con ngựa Mãn Châu và Hội thề | ||
| 600 | 1 | 4 | |a Nguyễn Quang Thân |d 1936- |t Con ngựa Mãn Châu và Hội thề |
| 650 | 0 | 4 | |a Tiểu thuyết Việt Nam |v Luận văn tốt nghiệp |x Nghiên cứu |
| 653 | |a Nguyễn Quang Thân | ||
| 653 | |a Văn học Việt Nam | ||
| 653 | |a Tiểu thuyết Việt Nam | ||
| 700 | 1 | |a Nguyễn Thành |c TS. |e Hướng dẫn | |
| OWN | |a LSP | ||
| AVA | |a UDN50 |b LSP |d 895.922334 PH-G |e available |t Error 5001 Not defined in file expand_doc_bib_avail. |f 1 |g 0 |h N |i 0 |k 1 | ||
| 999 | |a From the UDN01 | ||
| AVA | |a UDN50 |b LSP |d 895.922334 PH-G |e available |t Error 5001 Not defined in file expand_doc_bib_avail. |f 1 |g 0 |h N |i 0 |k 1 | ||
| TYP | |a Monograph | ||
| TYP | |a Printed language | ||
| 980 | |a Mạng thư viện Đại học Đà Nẵng | ||